01517nam a2200361 a 4500001001000000003000500010005001700015008004100032010001100073011001100084040000900095090001000104100003600114245015200150260004100302500006000343502010900403590004000512590004000552590004000592650002300632650002100655650003000676650004200706650001900748856007000767901000700837942001000844942000600854999001900860952013600879952014001015000111970CHAP20220329144239.0151111s2015 mx a fsm |||||||spa d a108431 a109403 cCHAP aTesis1 aOrtiz Andrade, Erendida912999510aResidualidad del herbicida GF-2688 (halauxifen-metil+ fluroxipir-meptil) bajo condiciones de invernaderoh[En línea]cpor Erendira Ortiz Andrade. aChapingo, Méx. :bEl autor,c2015. aPara ver el contenido del material haga clic en la liga aTesis (Ing. Agr. Esp. en Parasitología Agrícola) -- UACH. Departamento de Parasitología Agrícola aE5995AHEb05c20151111lUCH01h1253 aE5995AHEb05c20151111lUCH01h1255 aE5995AHEb05c20151111lUCH01h130714aBioensayos.91273214aCalabaza.91726114aControl químico.92760414aHerbicidasxEfecto en plantas.95369614aPepino.986895 aFinding aiduhttp://10.13.5.2/tesis/sist111970.pdfzTeclea aquí aBK cTESIS n0 c108431d108431 00104054718TESISaBCbBCd2015-11-11fTESISl0oTesisp33724002510835r2019-12-31 00:00:00w2019-12-31yTESISzRecien adquirido 00102local4053708TESISaBCbBCcPA_TESISd2015-11-11fTESISl0oTesisp33724002510876r2019-12-31 00:00:00tc.2w2019-12-31yTESIS